| 000 | 00457nam a22001697a 4500 | ||
|---|---|---|---|
| 003 | OSt | ||
| 005 | 20211112164743.0 | ||
| 008 | 211112b |||||||| |||| 00| 0 eng d | ||
| 020 | _a9074134815 | ||
| 040 | _cHawassa University | ||
| 050 |
_a641.3/LUN _b5 |
||
| 082 |
_a641.3/LUN _b5 |
||
| 100 |
_aLuning,P.A. _918214 |
||
| 245 | _aFood Quality Management A Techno-managerial Approach | ||
| 260 |
_aNetherland _bWageningen Pers _c2002 |
||
| 942 |
_2ddc _cBOOKS _n0 |
||
| 999 |
_c18080 _d18080 |
||